| 000 | 02667 a2200241 4500 | ||
|---|---|---|---|
| 001 | 44903 | ||
| 005 | 20260407155724.0 | ||
| 008 | 260407a2012 arg spa d | ||
| 003 | AR-UNSa-BCEJYS | ||
| 040 |
_aAR-UNSa-BCEJYS _bspa _cAR-UNSa-BCEJYS |
||
| 080 |
_a338.45 _xIndustria como sector económico. Producción comercial, industrial |
||
| 245 | 1 | 0 |
_aIndustria y sociedad _pel sector manufacturero en Jujuy y Argentina |
| 020 | _a978-950-721-397-7 | ||
| 264 | 1 |
_aSan Salvador de Jujuy : _bEDIUNJu _c2012 |
|
| 300 |
_a386 p. _c24 cm. |
||
| 505 | _a1. La industria argentina. Rasgos esenciales desde su génesis hasta la década de 1970/ Alicia Angélica Malatesta - 2. La industria argentina entre la sustitución de importaciones y la posconvertibilidad: un breve repaso de la trayectoria estructural del sector / Martín Schorr - 3. La industria en la provincia de Tucumán: de la expansión azucarera a la desindustrialización / Ariel Osatinsky- Pablo Paolasso – 4. Nota sobre el proceso de industrialización en la provincia de Salta / Juan Pablo Balderrama – Abel Fernández Castro- Ricardo G. Martínez – 5. Agroindustrias y minería en la conformación de la estructura económica y social en Jujuy (desde mediados del siglo XX hasta la actualidad) / Laura Golovanevsky- César Cabrera – 6. Evolución del producto bruto geográfico de Jujuy y la realidad social / Benito Carlos Aramayo- Guillermo Horacio Sapag – 7. La industria jujeña entre la crisis de 1930 y los años de Perón. Realidades, actores y políticas públicas / Adriana Kindgard - 8. Forjando industrias. Altos Hornos Zapla y la siderurgia en Jujuy / Liliana Bergesio – Fernando Castillo – 9. Consideraciones acerca de la localización de industrias y los parques industriales en Jujuy / Ivone Carrillo- María Eugenia Lóndero - Alfredo Matas – 10. Agroindustrias de Jujuy. Análisis y perspectivas / Fernando Medina – 11. Sector industrial y empleo en Jujuy en el siglo XXI / Laura Golovanevsky- María Elena Marcoleri – Alfredo Ramírez – 12. Los orígenes de la educación de artes y oficios en el sistema educativo de la provincia de Jujuy / Sandra S. Coca – 13. Aportes de la minería al desarrollo industrial en Jujuy / Ivone Carrillo - Fernanda Colque – Interrelaciones de los distintos actores sociales que participan en los conflictos del sector minero en Jujuy / Mónica R. Echenique - | ||
| 041 | _aspa | ||
| 942 | _cBK | ||
| 590 | _aniveau_biblio:m niveau_hierar:0 | ||
| 100 | 1 | _aGolovanevsky, Laura | |
| 700 | 1 | _aBergesio, Liliana | |
| 856 | 4 | 1 |
_uhttps://www.biblioeco.unsa.edu.ar/pmb/images/libros/L127027.jpg _yImagen de portada _qimage/jpeg |
| 999 |
_c3844 _d3844 |
||